Athribis VII : Übersetzung der Inschriften des Tempels Ptolemaios XII /

محفوظ في:

المؤلف الرئيسي: Leitz, Christian (Egyptologist) (مؤلف)

مؤلف مشترك: Institut français d'archéologie orientale du Caire

التنسيق: كتاب

اللغة: German

منشور في: Le Caire : Institut français d'archéologie orientale, 2022.

الموضوعات:

الوسوم: إضافة وسم

لا توجد وسوم, كن أول من يضع وسما على هذه التسجيلة!

رقم الطلب: DT73 .A9 v.7/1-2

LEADER 01141nam a22002897a 4500
003 OSt
005 20260105103654.0
008 260105t2023 ua abe b 001 0 ger d
020 |a 9782724708042  |q (hbk.) 
040 |c ARCE Library 
041 0 |a ger  |b ger  |b fre  |b eng 
043 |a f-ua--- 
050 1 4 |a DT73  |b .A9 v.7/1-2 
100 1 |a Leitz, Christian  |c (Egyptologist),  |e author 
245 1 0 |a Athribis VII :   |b Übersetzung der Inschriften des Tempels Ptolemaios XII /   |c Christian Leitz. 
264 1 |a Le Caire :  |b Institut français d'archéologie orientale,  |c 2022. 
300 |a 2 volumes :  |b color illustrations, color maps ;   |c 28 cm + 2 folded sheets. 
504 |a Includes bibliographical references and indexes. 
546 |a In German; with abstracts in French and English. 
650 0 |a Temples  |z Egypt  |z Athribis (Extinct city) 
650 0 |a Inscriptions, Egyptian  |z Egypt  |z Athribis (Extinct city) 
650 0 |a Excavations (Archaeology)  |z Egypt  |z Athribis (Extinct city) 
651 0 |a Athribis (Extinct city) 
710 2 |a Institut français d'archéologie orientale du Caire, 
901 |a reviewed 
942 |2 lcc  |c BK 
999 |c 54275  |d 54275